000 00623nam a2200193Ia 4500
005 20250923145122.0
008 008 250917s9999 xx 000 0 eng d
037 _aReports
040 _aDSWL
_beng
_cDSWL
041 _aeng
_2eng
084 _aY#:7:7P43,N54, N55
_qDSWL
245 0 _aReport of the United Nations regional communities development conference for south & south east Asia
_cby United Nations
260 _bUnited Nations Publications
_c1955
300 _avii,112 p.
365 _aUSD
_b0.5
925 _g0.5
942 _cREP
_hY#:7:7P43,N54, N55
999 _c1447370
_d1447370